| 000 | 00478nam a2200181Ia 4500 | ||
|---|---|---|---|
| 008 | 230917s9999||||xx |||||||||||||| ||und|| | ||
| 020 | _cRS629 | ||
| 040 |
_e241196 _aMAIN |
||
| 041 | _aEnglish | ||
| 082 | _a658.3 M745H(10) | ||
| 100 | _aMondy, R. Wayne | ||
| 245 | 0 | _aHuman resource management | |
| 250 | _a14th ed. | ||
| 260 |
_aNoida _bPearson India Education _c2016 |
||
| 300 | _a432 p. | ||
| 500 | _a2782 18/07/2017 APD17/1058227 24/07/2017 Main Budget | ||
| 942 | _cBK | ||
| 999 |
_c23210 _d23210 |
||